| 000 | 00928nas a2200301 4500 | ||
|---|---|---|---|
| 001 | BR0807345 | ||
| 003 | BR-BrBNA | ||
| 005 | 20231205112240.0 | ||
| 007 | ta | ||
| 008 | 230509b bl.|||p| |||| 00| 00por d | ||
| 040 |
_aBR-BrBNA _bpor _cBiblioteca Nacional de Agricultura |
||
| 041 | _a(Pt) | ||
| 072 | _aQ04 | ||
| 100 | 1 | _aVicente Neto, J. | |
| 100 | 1 | _aBressan, M.C. | |
| 100 | 1 | _aRodrigues, E.C. | |
| 100 | 1 | _aKloster, M.A. | |
| 100 | 1 | _aSantana, M.T.A. | |
| 245 | 1 | _aAvaliação físico-química da carne de jacaré-do-pantanal ( Caiman Yacare Daudin 1802 ) de idades diferentes | |
| 650 | _aANIMAL DE CAÇA | ||
| 650 | _aJACARÉ | ||
| 650 | _aCARNE | ||
| 650 | _aPROPRIEDADE FÍSICO-QUÍMICA | ||
| 650 | _aPANTANAL | ||
| 773 | 0 |
_tCiência e Agrotecnologia (Brazil) _xISSN 1413-7054 _g(Sep-Oct 2007), v. 31(5) p. 1430-1434 _wBR0807345 |
|
| 909 |
_a202311 _bLúcia _c55 _dLúcia Elande |
||
| 942 |
_2AGRIS _n0 _cANA |
||
| 999 |
_c196970 _d196970 |
||